[Event "SGP-ch 74th"]
[Site "Singapore"]
[Date "2023.02.03"]
[Round "4"]
[White "Kaushik, Ashwath"]
[Black "Pang, Kay Yan Eden"]
[Result "0-1"]
[WhiteElo "1347"]
[BlackElo "1394"]
[PlyCount "148"]
[EventDate "2023.01.27"]
[EventType "swiss"]
[EventRounds "9"]
[EventCountry "SIN"]
[SourceTitle "CBM 212 Extra"]
[Source "ChessBase"]
[SourceDate "2023.03.31"]
[SourceVersion "1"]
[SourceVersionDate "2023.03.31"]
[SourceQuality "1"]

1. e4 c5 2. Nf3 Nc6 3. d4 cxd4 4. Nxd4 g6 5. c4 Bg7 6. Be3 Nf6 7. Nc3 Ng4 8. Qxg4 Nxd4 9. Qd1 e5 10. Bxd4 exd4 11. Nd5 d6 12. Qd2 Be6 13. 0-0-0 Rc8 14. Kb1 0-0 15. h4 b5 16. cxb5 Bxd5 17. exd5 Rc5 18. h5 Qf6 19. g4 d3 20. Bxd3 Rxd5 21. Qc2 Rc5 22. Qb3 Rfc8 23. hxg6 hxg6 24. f4 d5 25. Rdf1 Re8 26. g5 Qd4 27. Rh3 Qxf4 28. Rg1 Qxg5 29. Qd1 Qe5 30. Qd2 Qd4 31. Rgh1 Rxb5 32. R3h2 Rxb2+ 33. Qxb2 Qxd3+ 34. Qc2 Rb8+ 35. Kc1 Bb2+ 36. Qxb2 Rxb2 37. Rh8+ Kg7 38. Kxb2 Kf6 39. R8h3 Qd4+ 40. Kb1 Qe4+ 41. Kb2 Ke5 42. Rh4 Qe2+ 43. Ka1 d4 44. R4h2 Qc4 45. Re1+ Kd5 46. Reh1 f5 47. Rh8 g5 48. Re8 f4 49. Rhe1 Qc3+ 50. Kb1 Qb4+ 51. Ka1 Kc4 52. Rd1 f3 53. Rd8 Qb6 54. Rf8 g4 55. Rf4 Kc3 56. Rc1+ Kd2 57. Rb1 Qc5 58. Rxg4 Qc3+ 59. Rb2+ Ke3 60. Rg1 d3 61. Kb1 f2 62. Rg3+ Kf4 63. Rxf2+ Kxg3 64. Rf1 Qc2+ 65. Ka1 d2 66. a4 d1Q+ 67. Rxd1 Qxd1+ 68. Kb2 Qxa4 69. Kc3 Kf4 70. Kd3 Qb4 71. Ke2 Qc3 72. Kd1 Qb2 73. Ke1 Ke3 74. Kf1 Qf2# 0-1

[Event "SGP-ch 74th"]
[Site "Singapore"]
[Date "2023.01.28"]
[Round "2"]
[White "Pang, Kay Yan Eden"]
[Black "Chow, Mon Ben"]
[Result "0-1"]
[WhiteElo "1394"]
[BlackElo "2185"]
[PlyCount "92"]
[EventDate "2023.01.27"]
[EventType "swiss"]
[EventRounds "9"]
[EventCountry "SIN"]
[SourceTitle "CBM 212 Extra"]
[Source "ChessBase"]
[SourceDate "2023.03.31"]
[SourceVersion "1"]
[SourceVersionDate "2023.03.31"]
[SourceQuality "1"]

1. Nf3 d5 2. g3 Nf6 3. Bg2 Bg4 4. Ne5 Bf5 5. c4 c6 6. 0-0 Nbd7 7. d4 e6 8. Qb3 Qb6 9. Nxd7 Nxd7 10. c5 Qxb3 11. axb3 e5 12. e3 Be7 13. Re1 0-0 14. f4 exd4 15. exd4 Bf6 16. Be3 Rfe8 17. Kf2 a6 18. Nd2 Re7 19. Nf3 Be4 20. Ne5 Bxg2 21. Kxg2 Rae8 22. Bf2 Bxe5 23. fxe5 f6 24. exf6 Nxf6 25. Rxe7 Rxe7 26. Re1 Ne4 27. Be3 Rf7 28. Rf1 g5 29. Rxf7 Kxf7 30. b4 g4 31. Kf1 Kg6 32. Ke2 h5 33. Bf4 Kf5 34. Ke3 Nf6 35. Be5 Nd7 36. Bc7 Nf8 37. Bd6 Ne6 38. Bf4 Nxf4 39. gxf4 h4 40. b3 h3 41. Kf2 Kxf4 42. b5 axb5 43. b4 g3+ 44. hxg3+ Kg4 45. Kg1 Kxg3 46. Kh1 Kf3 0-1

[Event "Eastern Asia-ch U14 Girls"]
[Site "Tornelo INT"]
[Date "2021.10.24"]
[Round "7"]
[White "Anwesha, Saha"]
[Black "Pang, Kay Yan Eden"]
[Result "1-0"]
[WhiteElo "1194"]
[BlackElo "1108"]
[PlyCount "121"]
[EventDate "2021.10.22"]
[EventType "swiss"]
[EventRounds "9"]
[EventCountry "NET"]
[SourceTitle "EXT 2023"]
[Source "ChessBase"]
[SourceDate "2022.10.05"]
[SourceVersion "1"]
[SourceVersionDate "2022.10.05"]
[SourceQuality "1"]

1. d4 Nf6 2. c4 e6 3. Nc3 Bb4 4. Qc2 d5 5. cxd5 exd5 6. Bg5 0-0 7. e3 h6 8. Bh4 Be6 9. Bd3 c6 10. Nf3 Nbd7 11. a3 Bxc3+ 12. bxc3 Rc8 13. Rc1 c5 14. Qd2 c4 15. Bb1 b5 16. Qc2 g6 17. Qe2 Qa5 18. Qb2 Ne4 19. 0-0 f5 20. Rfe1 Kh7 21. Bg3 Rg8 22. Bxe4 fxe4 23. Ne5 Nxe5 24. Bxe5 a6 25. Qb4 Qxb4 26. axb4 Rcf8 27. Ra1 Bc8 28. Ra2 Rf7 29. Rea1 Rgf8 30. Bd6 Re8 31. Ra5 Re6 32. Be5 Re8 33. R5a2 Ref8 34. Rf1 h5 35. Bd6 Re8 36. Re2 Bg4 37. Ra2 Bc8 38. Bf4 Rf5 39. h4 Rf7 40. f3 exf3 41. gxf3 Bb7 42. Be5 Ref8 43. Raf2 Rf5 44. Bf4 Bc6 45. Rg2 Bb7 46. Kh2 Bc6 47. Rfg1 Rg8 48. Rg5 Rxg5 49. Rxg5 Bb7 50. Re5 Rg7 51. Re8 Rf7 52. Be5 g5 53. hxg5 Bc6 54. Re6 Kg8 55. Rxc6 Rxf3 56. Bf4 Rf2+ 57. Kg3 Rc2 58. g6 Rxc3 59. Bh6 Rxe3+ 60. Bxe3 Kg7 61. Rxa6 1-0

[Event "Eastern Asia-ch U14 Girls"]
[Site "Tornelo INT"]
[Date "2021.10.22"]
[Round "1"]
[White "Patel, Riddhi R"]
[Black "Pang, Kay Yan Eden"]
[Result "1-0"]
[WhiteElo "1377"]
[BlackElo "1108"]
[PlyCount "105"]
[EventDate "2021.10.22"]
[EventType "swiss"]
[EventRounds "9"]
[EventCountry "NET"]
[SourceTitle "EXT 2023"]
[Source "ChessBase"]
[SourceDate "2022.10.05"]
[SourceVersion "1"]
[SourceVersionDate "2022.10.05"]
[SourceQuality "1"]

1. e4 c5 2. Nf3 Nc6 3. Bb5 e6 4. 0-0 Nge7 5. d4 cxd4 6. Nxd4 a6 7. Bxc6 Nxc6 8. b3 Be7 9. Bb2 0-0 10. Qg4 Bf6 11. Nxc6 bxc6 12. e5 Be7 13. Nd2 f5 14. Qg3 a5 15. Rad1 a4 16. Nc4 Ba6 17. Qc3 Bxc4 18. Qxc4 axb3 19. axb3 Qc7 20. Rd3 Rfd8 21. Rfd1 Ra2 22. Qc3 Qb7 23. Bc1 Bb4 24. Qc4 Raa8 25. Bg5 Re8 26. h4 d5 27. exd6 Bxd6 28. Rxd6 Qf7 29. Qxc6 h6 30. Bc1 Rac8 31. Qf3 Rxc2 32. Qd3 Rcc8 33. Bb2 e5 34. Rd7 Qf6 35. Qd5+ Kh7 36. Rf7 Qg6 37. Rd7 Rc2 38. Bxe5 Rg8 39. b4 Qb6 40. Qf3 Qe6 41. Ba1 Re2 42. Bc3 Re4 43. R1d6 Qe8 44. Qxf5+ Kh8 45. Rd8 Re1+ 46. Bxe1 Qxe1+ 47. Kh2 Qe7 48. Rxg8+ Kxg8 49. Qd5+ Kh7 50. Qd3+ Kg8 51. Rd8+ Kf7 52. Rd7 Qxd7 53. Qxd7+ 1-0

[Event "Eastern Asia-ch U14 Girls"]
[Site "Tornelo INT"]
[Date "2021.10.22"]
[Round "3"]
[White "Pragnya, HG."]
[Black "Pang, Kay Yan Eden"]
[Result "1-0"]
[WhiteElo "1244"]
[BlackElo "1108"]
[PlyCount "77"]
[EventDate "2021.10.22"]
[EventType "swiss"]
[EventRounds "9"]
[EventCountry "NET"]
[SourceTitle "EXT 2023"]
[Source "ChessBase"]
[SourceDate "2022.10.05"]
[SourceVersion "1"]
[SourceVersionDate "2022.10.05"]
[SourceQuality "1"]

1. e4 c5 2. Nf3 Nc6 3. d4 cxd4 4. Nxd4 g6 5. Be3 Bg7 6. c4 Nf6 7. Nc3 Nxd4 8. Bxd4 d6 9. Be2 0-0 10. Qd2 Be6 11. 0-0 a6 12. f3 Rc8 13. b3 Qc7 14. Rac1 Bd7 15. Rfd1 Bc6 16. Qe3 Qd7 17. Qf2 b5 18. c5 dxc5 19. Bxf6 Qa7 20. Bxg7 Kxg7 21. Nd5 Ba8 22. b4 e6 23. Nf4 Qb8 24. Nd3 c4 25. Nc5 Bb7 26. Nd7 Qc7 27. Nxf8 c3 28. Nd7 c2 29. Rd2 Qc3 30. Rdxc2 Qxc2 31. Rxc2 Rxc2 32. Qd4+ Kg8 33. Qd6 Rc1+ 34. Kf2 Rc8 35. Qf4 Rd8 36. Qc7 Rc8 37. Qxb7 Rc2 38. Qb8+ Kg7 39. Qf8# 1-0

[Event "Eastern Asia-ch U12 Girls 4th"]
[Site "Bangkok"]
[Date "2019.08.04"]
[Round "3.2"]
[White "Purwanto, Armenia Zendy"]
[Black "Pang, Kay Yan Eden"]
[Result "1-0"]
[WhiteElo "1683"]
[BlackElo "1119"]
[PlyCount "119"]
[EventDate "2019.08.02"]
[EventType "swiss"]
[EventRounds "9"]
[EventCountry "THA"]
[SourceTitle "EXT 2024"]
[Source "ChessBase"]
[SourceDate "2023.10.10"]
[SourceVersion "1"]
[SourceVersionDate "2023.10.10"]
[SourceQuality "1"]

1. e4 e6 2. d4 d5 3. exd5 exd5 4. Nf3 c6 5. Be2 Bd6 6. 0-0 Ne7 7. c3 Bf5 8. h3 h5 9. Bd3 Bd7 10. Re1 f6 11. Bg6+ Kf8 12. Nh4 Qc8 13. Bxh5 Bxh3 14. Rxe7 Be6 15. Ng6+ Kg8 16. Rxe6 Qxe6 17. Nxh8 Kxh8 18. Be3 Qe4 19. Qg4 Qxg4 20. Bxg4 Na6 21. Bf3 Re8 22. Nd2 Nc7 23. Nb3 b6 24. Kf1 a5 25. a4 g5 26. Bg4 Kg7 27. Bd7 Rh8 28. Bxc6 Rh1+ 29. Ke2 Rh2 30. Rg1 Kg6 31. Nd2 g4 32. Nf1 Rh8 33. f3 g3 34. f4 Rc8 35. Nxg3 f5 36. Nxf5 Bf8 37. g4 Ne8 38. Bxe8+ Rxe8 39. Kf3 Rb8 40. Nh4+ Kg7 41. f5 b5 42. axb5 Rxb5 43. Rg2 a4 44. Ng6 Bd6 45. Ne5 a3 46. bxa3 Bxa3 47. g5 Be7 48. f6+ Bxf6 49. gxf6+ Kxf6 50. Rg6+ Ke7 51. Bg5+ Kf8 52. Rc6 Rb7 53. Bf6 Re7 54. Ng6+ Ke8 55. Bxe7 Kd7 56. Ne5+ Kxe7 57. Kf4 Kd8 58. Kf5 Ke7 59. Rc7+ Kd6 60. Rd7# 1-0